| 000 | 00643cam a2200229 4500 | ||
|---|---|---|---|
| 008 | 090401t1994 xxu||||| |||| 00| 0 eng d | ||
| 020 | _a0070063753 | ||
| 035 | _a(Sirsi) u33543 | ||
| 041 | _aeng | ||
| 050 | _a658.562 | ||
| 100 | _aBogan, Christopher E. | ||
| 245 | _aBenchmarking for best practices: winning through innovative adaption. | ||
| 260 |
_aNew York _bMcGraw-Hill Inc. _c1994 |
||
| 300 | _ax,312p. ; 24cm. | ||
| 350 | _a22.95 | ||
| 650 | _aBENCHMARKING | ||
| 650 | _aBUSINESSES | ||
| 690 | _aMANAGEMENT-BUSINESS MANAGEMENT-PROFESSIONAL PRACTICE | ||
| 700 | _aEnglish, Michael J. | ||
| 942 | _n0 | ||
| 948 | _c04/03/1997 | ||
| 999 |
_c89815 _d89815 |
||